The Legend of Zelda: Skyward Sword Ultimate Quiz! - Statistics

General Stats
  • This quiz has been taken 272 times
  • The average score is 47 of 228
Answer Stats
Main Characters % Correct
Link
99%
Zelda
99%
Demise
85%
Groose
84%
Impa
81%
Ghirahim
80%
Ghirahim (first battle)
80%
Ghirahim (second battle)
80%
Ghirahim (third battle)
80%
Fi
79%
Lanayru
72%
Faron
69%
Hylia (the Goddess)
69%
Eldin
66%
Skyview Temple
60%
Bow
59%
Heart
58%
Beetle
54%
Ancient Cistern
51%
Bomb
51%
Slingshot
51%
Master Sword
48%
Earth Temple
46%
The Imprisoned (first battle)
46%
The Imprisoned (second battle)
46%
The Imprisoned (third batle)
46%
Lanayru Mining Facility
45%
Sandship
44%
Gaepora
43%
Bomb Bag
42%
Fire Sanctuary
42%
Sky Keep
42%
Whip
42%
Wooden Shield
40%
Big Wallet
39%
Gust Bellows
39%
Koloktos
39%
Heart Medal
38%
Hylian Shield
38%
Goddess Sword
37%
Kikwi
36%
Small Wallet
36%
Beedle
35%
Bug Net
35%
Clawshots
35%
Quiver
35%
Iron Shield
34%
Scaldera
34%
Pipit
33%
Tentalus
33%
Goddess Cube
32%
Treasure
32%
Rupee Medal
30%
Bottle
29%
Bug Medal
27%
Cawlin
27%
Cursed Medal
26%
Gratitude Crystal
26%
Small Key
26%
Fledge
24%
Moldarach
24%
Goddess Shield
23%
Treasure Medal
23%
Owlan
22%
Rupees
22%
Stalfos / Three Stalfos
22%
Levias
21%
Medium Wallet
21%
Peatrice
21%
Sacred Shield
21%
Strich
21%
Amber Relic
20%
Batreaux
20%
Giant Wallet
20%
Life Medal
20%
True Master Sword
20%
Tycoon Wallet
20%
Goddess Plume
19%
Gorko
19%
Hook Beetle
19%
Karane
18%
Lizalfos
18%
Machi
18%
Scrapper
18%
Seed Satchel
18%
Bird Feather
17%
Blue Bird Feather
17%
Digging Mitts
17%
Dusk Relic
17%
Scattershot
17%
Goddess Longsword
16%
Mogma Mitts
16%
Goddess's Harp
15%
Goddess White Sword
15%
Evil Crystal
14%
Extra Wallet
14%
Horwell
14%
Practice Sword
14%
Quick Beetle
14%
Big Bug Net
13%
Fireshield Earrings
13%
Iron Bow
13%
Ledd
13%
Monster Horn
13%
Potion Medal
13%
Rattle
13%
Sacred Bow
13%
Tumbleweed
13%
Water Dragon's Scale
13%
Bucha
12%
Divine Shield
12%
Eldin Ore
12%
Kukiel
12%
Oolo
12%
Reinforced Shield
12%
Bilocyte
11%
Eldin Roller
11%
Monster Claw
11%
Scervo
11%
Braced Shield
10%
Golden Skull
10%
Orielle
10%
Skipper
10%
Tough Beetle
10%
Horde Battle
9%
Lanayru Ant
9%
Pirate Stronghold
9%
Sky Stag Beetle
9%
Adventure Pouch
8%
Ancient Flower
8%
Banded Shield
8%
Blessed Butterfly
8%
Eagus
8%
Gondo
8%
Jelly Blob
8%
Lopsa
8%
Luv
8%
Ornamental Skull
8%
Peater
8%
Sailcloth
8%
Stalmaster
8%
Triforce
8%
Bertie
7%
Cobal
7%
Erla
7%
Faron Grasshopper
7%
Fortified Shield
7%
Golo
7%
Guld
7%
Kina
7%
Parrow
7%
Rupin
7%
Skyloft Mantis
7%
Tadtones
7%
Deku Hornet
6%
Gerudo Dragonfly
6%
Piper
6%
Pumm
6%
Sparrot
6%
Volcanic Ladybug
6%
Wryna
6%
Croo
5%
Crystal Ball
5%
Dodoh
5%
Dreadfuse
5%
Gully
5%
Lizard Tail
5%
Party Wheel
5%
Plats
5%
Sand Cicada
5%
Silva
5%
(the uknown lady of the toilet)
5%
Tubert
5%
Tyto
5%
Yerbal
5%
Zanc
5%
Dovos
4%
Earth Temple Key
4%
Golden Carving
4%
Gortram
4%
Goselle
4%
Greba
4%
Henya
4%
Hornet Larvae
4%
Jakamar
4%
Jellyf
4%
Keet
4%
Magmanos
4%
Mallara
4%
Moldorm
4%
Rusta
4%
Squid Carving
4%
Woodland Rhino Beetle
4%
Ancient Circuit
3%
Cawlin's Letter
3%
Dark Lizalfos
3%
Dungeon Map
3%
Kortz
3%
Starry Firefly
3%
Waterfall Cave
3%
Ancient Tablet
2%
Blessed Idol
2%
Bronzie
2%
Dragon Sculpture
2%
Merco
2%
Moonlight Merchant
2%
Mysterious Crystals
2%
Nackel
2%
Propeller
2%
Song of the Hero
2%
Trial Gate
2%
Bird Statuette
1%
Horned Colossus Beetle
1%
Life Tree Fruit
1%
Life Tree Seeding
1%
Metal Shield Moblin
1%
New Plant Species
1%
Parellas
1%
Power Generator
1%
Pumpkin Patch Flower
1%
Skipper's Ship
1%
Stone of Trials
1%
Water Basin
1%
No matching quizzes found
Score Distribution
Percent of People with Each Score
Percentile by Number Answered
Your Score History
You have not taken this quiz